000 00450nam a2200133Ia 4500
008 100328s9999 xx 000 0 und d
082 _b29104
100 _aशिरशेकर शारदा कुमार
245 _aदीप तुझ्या वंशाचा
260 _bत्रिदल
630 _aदीप तुझ्या वंशाचा
730 _aदीप तुझ्या वंशाचा
942 _cBOOK
999 _c520201
_d520198